| 000 | 00914nam a2200229 a 4500 | ||
|---|---|---|---|
| 005 | 20260204064130.0 | ||
| 008 | 991125s1985 mx 000 0 spa u | ||
| 035 | _aUPN01000045896 | ||
| 049 | _aSEP | ||
| 050 | 4 |
_aL227 D46 _bB2.423 LE |
|
| 245 | 0 | 0 |
_aPrácticas integrales de laboratorio III : _bcuaderno de trabajo : tercer grado / _cCarlos Mancera Mondragón ... [et al.] |
| 260 |
_aMéxico : _bSEP, Dirección General de Capacitación y Mejoramiento Profesional del Magisterio, _c1985 |
||
| 300 | _a94 p | ||
| 440 | 0 |
_aBiblioteca pedagógica de mejoramiento profesional del magisterio. _pTercera época |
|
| 500 | _a"Capacitación docente bilingüe bicultural" | ||
| 500 | _a"Educación preescolar y primaria" | ||
| 500 | _a"Curso directo" | ||
| 650 | 4 |
_aEstudiantes _xEnseñanza _921277 |
|
| 650 | 4 |
_aMaestros _xFormacion profesional _vPlanes y programas _9813 |
|
| 904 |
_aAC _b045898 |
||
| 905 | _aLibro | ||
| 999 |
_c45896 _d45896 |
||